00586nam a22002057a 450000500170000001000150001702000270003203500140005903700140007308200110008710000220009824500560012026000400017627000560021630000250027250000230029770000200032070000230034070000170036320200108123451.0 aENG-127291 c1500.00a9788178543390 aEN-110823 bDBAD/PUB. a250.33 aChaudhary, Angraj aBuddha :cby Angraj ChaudharybLife and Teachings / aDelhibEastern Book Linkers .c2017 a5825, New Chandrawal, Jawahar Nagarb Delhie110007 axii,482p.c22cm.(hb) aIt includes index  aAneesh Kumar P. aGeorge, Tony Sam  aSudhesh N.T.